000 00461pab a2200193 454500
008 180718b2005 xxu||||| |||| 00| 0 eng d
100 _aParthasarathy, Malini
245 _aConstructing a false reality?
260 _c2005
300 _ap.47-50.
362 _aJan
650 _aHinduism
650 _aReligious activities
650 _aReligious movements
650 _aReligious leaders
650 _aReligions
773 _aSeminar
909 _a63657
999 _c63657
_d63657